00407nam a2200133 450000100060000010000400000610100080004610200070005420000920006121000820015321500100023567500160024580100120026146171 a20260602 pory50  apor aPT aQue o exemplo não se percaePoesiafLisete Pinto de Ságpref. Maria do Céu Guerra a[S.l.]cMovimento Democrático de Mulheres Núcleo de Montemor-o-Novod2004 a79 p. a821.134.3-1 aPTgRPC